| 000 | 00467nam a22001577a 4500 | ||
|---|---|---|---|
| 999 |
_c17665 _d17665 |
||
| 003 | OSt | ||
| 005 | 20221129101040.0 | ||
| 008 | 221129b ||||| |||| 00| 0 eng d | ||
| 040 | _c0 | ||
| 100 |
_4Daugdaug, Krizzy S. _eauthor. _946910 |
||
| 245 |
_aDOH turns over ambulance to 11 LGUs in Davao Region / _cKrizzy S. Daugdaug. |
||
| 260 |
_aDavao City, Philippines : _bSunstar, _cOctober 17, 2022. |
||
| 300 | _a2 pages. | ||
| 650 |
_2Health. _946910 |
||
| 942 |
_2ddc _cPER |
||